000 00354nam a2200133Ia 4500
008 240624s9999 xx 000 0 und d
041 _aeng
082 _a658.408 IDO
100 _aIDOWU SAMUEL O
245 _aCORPORATE GOVERNANCE AN INTERNATIONAL PE
260 _c2014
_aLondon
_bSpringer
300 _axxxviii, : 371 : p. : cm. ; 24
365 _cERU
_b30
999 _c26917
_d26917